Premiership Golden Boot Winners Quiz Stats

 Plays Quiz not verified by Sporcle

Challenge
Share
Tweet
Embed
Score 0/22 Timer 10:00
0 Plays Today
% Correct
Didier Drogba
95.2%
Didier Drogba
95.2%
Thierry Henry
95.2%
Thierry Henry
95.2%
Thierry Henry
95.2%
Thierry Henry
95.2%
Alan Shearer
95.2%
Alan Shearer
95.2%
Alan Shearer
95.2%
Andy Cole
90.3%
Cristiano Ronaldo
86.3%
% Correct
Dwight Yorke
84.7%
Nicolas Anelka
82.3%
Michael Owen
82.3%
Michael Owen
82.3%
Teddy Sheringham
73.4%
Kevin Phillips
65.3%
Chris Sutton
61.3%
Jimmy Floyd Hasselbaink
56.5%
Jimmy Floyd Hasselbaink
56.5%
Dion Dublin
48.4%
Ruud van Nistelrooy
41.9%

You're not logged in!

Compare scores with friends on all Sporcle quizzes.
Join for Free
OR
Log In

You Might Also Like...

Show Comments

Extras

Top Quizzes Today


Score Distribution

Your Account Isn't Verified!

In order to create a playlist on Sporcle, you need to verify the email address you used during registration. Go to your Sporcle Settings to finish the process.

Report this User

Report this user for behavior that violates our Community Guidelines.

Details: